Gaming Quiz

Random Gaming Quiz

Halo Matchmaking Playlists (hard) Quiz Stats

 Plays Quiz not verified by Sporcle

Challenge
Share
Tweet
Embed
Score 0/90 Timer 12:00
0 Plays Today
% Correct
Team Slayer
90.6%
Team Slayer
90.6%
Team Slayer
90.6%
Team SWAT
78.1%
Team SWAT
78.1%
Team SWAT
78.1%
Team SWAT
78.1%
Big Team Battle
75%
Team Snipers
75%
Team Snipers
75%
Team Snipers
75%
Team Snipers
75%
Multi Team
71.9%
Multi Team
71.9%
Team Doubles
71.9%
Team Objective
71.9%
Multi Team
71.9%
Team Objective
71.9%
Multi Team
71.9%
MLG
65.6%
MLG
65.6%
Big Team Battle
65.6%
Rumble Pit
62.5%
Lone Wolves
62.5%
Rumble Pit
62.5%
Rumble Pit
62.5%
Social Slayer
56.3%
Grifball
53.1%
Invasion
50%
Social Big Team
40.6%
% Correct
Double Team
37.5%
Living Dead
37.5%
Living Dead
37.5%
Living Dead
37.5%
Living Dead
37.5%
Team Hardcore
34.4%
MLG FFA
34.4%
Team Tactical
34.4%
Team Hardcore
34.4%
Firefight
34.4%
Rocket Race
31.3%
Social Doubles
31.3%
Fiesta
28.1%
Squad Battle
25%
Ranked Big Team
25%
Social Skirmish
25%
Co-op Campaign
25%
Clan Match
25%
Head to Head
21.9%
Head to Head
21.9%
Team Arena
21.9%
Team Training
21.9%
Team Skirmish
18.8%
Action Sack
18.8%
Team Mythic
18.8%
7 on the 7th
18.8%
Score Attack
18.8%
Ranked Grifball
15.6%
Doubles Arena
15.6%
Rumble Training
12.5%
% Correct
Cinco de Mayo
12.5%
Team Flag
12.5%
Team Throwback
12.5%
Ranked Living Dead
12.5%
Team Throwback
12.5%
Noble Map Pack
12.5%
Major Clan Match
9.4%
H2 challenge
9.4%
Rockets
9.4%
Team Control
9.4%
Prepare to Drop
9.4%
Team Melee
9.4%
4th of July
9.4%
Team Control
9.4%
Basic Training
9.4%
Bungie vs World
9.4%
Team Preview
6.3%
Minor Clan Match
6.3%
Training Ground
6.3%
Team ActionSack
6.3%
Rumble Preview
6.3%
3 Ball
6.3%
Maption sack
6.3%
Rumble Armory
3.1%
Team Carnage
3.1%
Legendary Brawl
3.1%
V-Day Massacre
3.1%
Mythic Brawl
3.1%
International Tournament
3.1%
Team Armory
0%

You're not logged in!

Compare scores with friends on all Sporcle quizzes.
Join for Free
OR
Log In

You Might Also Like...

Show Comments

Extras

Top Quizzes Today


Score Distribution

Your Account Isn't Verified!

In order to create a playlist on Sporcle, you need to verify the email address you used during registration. Go to your Sporcle Settings to finish the process.

Report this User

Report this user for behavior that violates our Community Guidelines.

Details: